Normal view
MARC view
Entry Topical Term
001 - CONTROL NUMBER
- control field: 29177
003 - CONTROL NUMBER IDENTIFIER
- control field: OSt
005 - DATE AND TIME OF LATEST TRANSACTION
- control field: 20241011084822.0
008 - FIXED-LENGTH DATA ELEMENTS
- fixed length control field: 241011|| aca||aabn | a|a d
040 ## - CATALOGING SOURCE
- Original cataloging agency: OSt
- Transcribing agency: OSt
150 ## - HEADING--TOPICAL TERM
- Topical term or geographic name entry element: Campus fiction
- Form subdivision: College juniors Fiction
- Form subdivision: Kyoto (Japan) Fiction
- Form subdivision: Multiverse Fiction
- Form subdivision: Science fiction
- Form subdivision: Space and time fiction
670 ## - SOURCE DATA FOUND
- Source citation: Work cat.: (OSt): Morimi, Tomihiko. 29176, The tatami galaxy : a novel / , 2023.